Dynamic analysis of the urban economy
Salvato in:
| Autore principale: | |
|---|---|
| Natura: | Libro |
| Lingua: | inglese |
| Pubblicazione: |
New York
Academic Press
1981
|
| Serie: | Studies in urban economics
|
| Tags: |
Nessun Tag, puoi essere il primo ad aggiungerne!!
|
MARC
| LEADER | 00000nam a2200000 4500 | ||
|---|---|---|---|
| 001 | c137009 | ||
| 005 | 20041019155308.7 | ||
| 041 | 0 | |a eng | |
| 044 | |a US | ||
| 245 | 1 | 0 | |a Dynamic analysis of the urban economy |c Takahiro Miyao |
| 264 | 1 | |a New York |b Academic Press |c 1981 | |
| 300 | |a 188 s. | ||
| 490 | 1 | |a Studies in urban economics | |
| 830 | 0 | |a Studies in urban economics | |
| 100 | 1 | |a Miyao, Takahiro | |